000 00571nam a22001817a 4500
005 20251108171020.0
008 250721s1999 xx 000 0 ara d
082 1 4 _a949.77/حسي
100 1 _aالداقوقي، حسين
245 1 0 _aدولة البلغار المسلمين في الغولغا /
264 1 _aعمان :
_bدار الينابيع للنشر و التوزيع،
_c1999.
300 _a190ص
650 1 7 _aتاريخ بلغاريا
650 1 7 _aالتاريخ الإسلامي
650 1 7 _aبلغاريا
942 _2ddc
_cBK
999 _c54444
_d54444